Economic Environment of Business (Record no. 531)
[ view plain ]
| 000 -LEADER | |
|---|---|
| Fixed length control field | 00500nam a2200181 4500 |
| 003 - CONTROL NUMBER IDENTIFIER | |
| Control field | SEACOMMC |
| 005 - DATE AND TIME OF LATEST TRANSACTION | |
| Control field | 20240422113759.0 |
| 008 - FIXED-LENGTH DATA ELEMENTS--GENERAL INFORMATION | |
| Fixed length control field | 240422b |||||||| |||| 00| 0 eng d |
| 020 ## - INTERNATIONAL STANDARD BOOK NUMBER / ISBN | |
| International Standard Book Number | 8183183808 |
| Price | 520.00 |
| 040 ## - CATALOGING SOURCE | |
| Original cataloging agency | SEACOMMC |
| 082 ## - DEWEY DECIMAL CLASSIFICATION NUMBER | |
| Classification number | 330 |
| Book Number | P985 |
| 100 ## - MAIN ENTRY--PERSONAL NAME | |
| Personal name | Puri,V.K |
| 245 1# - TITLE STATEMENT | |
| Title | Economic Environment of Business |
| Statement of responsibility | V.K Puri,S. K. Mishra |
| 260 ## - IMPRINT | |
| Place of publication | : New Delhi |
| Name of publisher | Himalaya Publishing |
| Date of publication | 2013 |
| 300 ## - PHYSICAL DESCRIPTION | |
| Page / Vol. No | 740p |
| 650 ## - SUBJECT ADDED ENTRY--TOPICAL TERM | |
| Topical term | : Business | Economics | Environment | Policy |
| 942 ## - ADDED ENTRY ELEMENTS (KOHA) | |
| Koha item type | Books |
| Withdrawn status | Lost status | Source of classification | Damaged status | Not for loan | Home library | Current library | Date acquired | Total Checkouts | Call number | Accession number | Date last seen | Price effective from | Koha item type | Copy number |
|---|---|---|---|---|---|---|---|---|---|---|---|---|---|---|
| Dewey Decimal Classification | SEACOM MANAGEMENT COLLEGE | SEACOM MANAGEMENT COLLEGE | 11/02/2022 | 330 P985 | M3148 | 22/04/2024 | 22/04/2024 | Reference Books | ||||||
| Dewey Decimal Classification | SEACOM MANAGEMENT COLLEGE | SEACOM MANAGEMENT COLLEGE | 11/02/2022 | 330 P985 | M3149 | 22/04/2024 | 22/04/2024 | Books | 1 | |||||
| Dewey Decimal Classification | SEACOM MANAGEMENT COLLEGE | SEACOM MANAGEMENT COLLEGE | 11/02/2022 | 330 P985 | M3150 | 22/04/2024 | 22/04/2024 | Books | 2 |
